Del gen a la proteína /
Guardado en:
| Autor Principal: | |
|---|---|
| Otros Autores: | , , |
| Formato: | Libro |
| Publicado: |
Buenos Aires :
Ministerio de educación de la Nación,
2012
|
| Series: | Estructura en ciencias, 3
|
| Materias: | |
| Etiquetas: |
Agregar Etiqueta
Sin Etiquetas, Sea el primero en etiquetar este registro!
|
| LEADER | 00786nam a22002775a 4500 | ||
|---|---|---|---|
| 001 | CEM.cems013915 | ||
| 008 | 130507s2012##################000#0#####d | ||
| 005 | 20210705091315.0 | ||
| 003 | CEMS | ||
| 245 | 1 | 0 | |a Del gen a la proteína / |c Mónica Mardarás y Otros |
| 260 | |a Buenos Aires : |b Ministerio de educación de la Nación, |c 2012 | ||
| 300 | |a 148 p. | ||
| 490 | 0 | |a Estructura en ciencias, 3 | |
| 590 | |a 1060.013 | ||
| 020 | |a 9789500009249 | ||
| 100 | 1 | |a Mardarás, Mónica | |
| 700 | 1 | |a Corbacho, Verónica Viviana | |
| 700 | 1 | |a Galotti, Lucía Dina | |
| 700 | 1 | |a Maggi, Analía Gladys | |
| 653 | |a Genética | ||
| 653 | |a Adn | ||
| 653 | |a Arn | ||
| 653 | |a Proteínas | ||
| 653 | |a Splicing | ||
| 653 | |a Biblioteca TC | ||
| 859 | |a CEMS |b BIB. CEMS - 11 de abril |h TC |p 1060.013 |t Ej.1 | ||
